000 00783nam0a22002531 4500
001 v19\rc\1872895
005 20250619162826.0
035 _a(NLR Aleph) 004963723
090 _a6011182
_c6011182
100 _a20080221d1911 |||y0rusy50 ca
101 0 _arus
102 _aRU
105 _ay z |||||
200 1 _aЗачем я мальчик уродился
_eПодкандальные песни
210 _aМосква
_cМаксимов
_d1911
215 _aXVI с.
_d18
225 1 _aПесни каторжан
300 _aСодержание сборников различное
300 _aНа обл. загл. отсутствует
801 0 _aRU
_bNLR
_gpsbo
801 1 _aRU
_bProSoft-M
_2rusmarc
852 _aNLR
_j34.87.6.535
942 _cBOOK
980 _aNB